000 02149nam0a2200385 4500
001 RU\NLR\BIBL_A\022756776
005 20260426072935.0
010 _a978-5-209-12601-0
_9300
021 _aRU
_bКН-П-26-003433
_9КН-П-26-0314
035 _a(NLR Aleph) 022756776
090 _a13693411
_c13693411
100 _a20260317d2025 k y0rusy50 ca
101 0 _aeng
102 _aRU
105 _aa j 000yy
181 0 _ai3
_baxxe
182 0 _an
200 1 _aFatigue failures in engineering: an interdisciplinary introduction
_dУсталостные разрушения в инженерии: междисциплинарное введение
_eучебное пособие
_fK. Reza Kashyzadeh
_gРоссийский университет дружбы народов имени Патриса Лумумбы, Инженерная академия, Кафедра техники и технологий транспорта
_zrus
203 _aТекст
_bвизуальный
_cнепосредственный
210 _aМосква
_cРоссийский университет дружбы народов им. Патриса Лумумбы
_d2025
215 _a151, [1] с.
_cил., цв. ил.
_d24
300 _aАвт. также на рус. яз.: К. Реза Каши Заде
320 _aБиблиогр. в конце кн. (137 назв.)
510 1 _6z45790
_aУсталостные разрушения в инженерии: междисциплинарное введение
_zrus
606 1 _aМатериалы
_jУчебные издания
_xУсталость
_91115517
_3RU\NLR\AUTH\66121548
606 1 _aПромышленное оборудование
_jУчебные издания
_xОтказы
_92527702
_3RU\NLR\AUTH\6601711465
686 1 _aЖ306.22я7-1
686 1 _aЖ605-082.03я7-1
700 1 _7ba
_8eng
_aReza Kashyzadeh
_bK.
_gKazem
_92704595
_3RU\NLR\AUTH\770292151
790 1 _7ca
_8rus
_aРеза Каши Заде
_bК.
_gКазем
_92704594
_3RU\NLR\AUTH\770292150
942 _cBOOK
980 _aNB